Visualizzazione normale
Vista MARC
- Komzak Karl
di Personal Name
Records bibliografici associati: 1
001 - CONTROL NUMBER
- control field: 12456
003 - CONTROL NUMBER IDENTIFIER
- control field: IT-RoPau
005 - DATE AND TIME OF LATEST TRANSACTION
- control field: 20140206121920.0
008 - FIXED-LENGTH DATA ELEMENTS
- fixed length control field: 140206|| aca||aabn | a|a d
040 ## - CATALOGING SOURCE
- Original cataloging agency: IT-RoPau
- Transcribing agency: IT-RoPau
100 ## - HEADING--PERSONAL NAME
- Personal name: Komzak Karl
- Dates associated with a name: Codice autore musica SPICS: 13777
- Relator term: Autore musica
- Name of part/section of a work: Bad'Ner Mad'In op. 257 - Erzherzog Albrecht op. 136 (Arciduca Albrecht)
670 ## - SOURCE DATA FOUND
- Source citation: Work cat.: (IT-RoPau)103125: AA.VV. 794, Sogno di Vienna vol.1